000 00372cam a2200169 4500
001 D12552
008 090401t1891 xxu||||| |||| 00| 0 eng d
035 _a(Sirsi) u4151
041 _aeng
100 _aCurtis, Charles E.
245 _aValuation of property
260 _bHorace Cox
_c1891
350 _a0
520 _aShelf 114
942 _n0
948 _c04/03/1997
999 _c86000
_d86000